000 00538nam a2200193 a 4500
005 20140310183453.0
008 090807s19uu xx 00 eng d
020 _a081447294
050 _aHD 58.6
_b.Ad35 2006
100 _aAdler, Bill Jr.
245 _aHow to negotiate like a child /
_cBill Adler, Jr.
260 _aU.S.A :
_bAmerican Management Association,
_c2006.
300 _a161 p. :
_c20 cm.
521 _aBSBA
650 _aNegotiation in business.
650 _aNegotiation.
942 _cBK
_2lcc
_kFOR
999 _c23525
_d23525